000 01052pam a2200301 i 4500
001 2297781
003 OSt
005 20230605130206.0
008 800417s1980 ctub b 001 0 eng
010 _a 80005391
020 _a0300024541
040 _aDLC
_cDLC
_dDLC
043 _afe-----
082 0 0 _a331.7/63/0967623
_bCOO
100 1 _aCooper, Frederick,
_d1947-
245 1 0 _aFrom slaves to squatters :
_bplantation labor and agriculture in Zanzibar and coastal Kenya, 1890-1925 /
_cFrederick Cooper.
260 _aNew Haven :
_bYale University Press,
_c1980.
300 _axv, 328 p. :
_bmaps ;
_c24 cm.
500 _aIncludes index.
504 _aBibliography: p. 303-317.
650 0 _aAgricultural laborers
_zAfrica, East
_xHistory.
650 0 _aSlavery
_zAfrica, East
_xHistory.
650 0 _aAgriculture
_xEconomic aspects
_zAfrica, East
_xHistory.
650 0 _aPlantation life
_zAfrica, East
_xHistory.
651 0 _aAfrica, East
_xColonial influence
_xHistory.
906 _a7
_bcbc
_corignew
_d1
_eocip
_f19
_gy-gencatlg
942 _2ddc
_cBK
999 _c413
_d413